[Event "Open de Louviers"]
[Site "Louviers"]
[Date "2004.05.29"]
[Round "1"]
[White "Todorov, Todor"]
[Black "Drouineau, Olivier"]
[Result "1-0"]
[WhiteElo "2497"]
[BlackElo "1580"]
[PlyCount "29"]

1. e4 d5 2. exd5 Nf6 3. Nc3 Nxd5 4. Bc4 e6 5. Qf3 c6 6. Nge2 Be7 7. d4 Nd7 8.
Qg3 Bf6 9. Ne4 g6 10. Nd6+ Ke7 11. Qa3 c5 12. dxc5 Nxc5 13. Ne4 Qb6 14. Qxc5+
Qxc5 15. Nxc5 1-0

[Event "Open de Louviers"]
[Site "Louviers"]
[Date "2004.05.29"]
[Round "1"]
[White "Abra, Mohammed"]
[Black "Bersoult, Francois"]
[Result "0-1"]
[WhiteElo "1499"]
[BlackElo "2259"]
[PlyCount "98"]

1. e4 c5 2. d4 cxd4 3. Qxd4 Nc6 4. Qe3 Nf6 5. Nc3 e6 6. Nf3 d6 7. Bd3 Be7 8.
Qe2 O-O 9. O-O a6 10. a3 Qc7 11. g3 Bd7 12. Be3 b5 13. b4 Rfe8 14. Rad1 Rac8
15. h3 Qb7 16. Qd2 Red8 17. Nh2 Ne5 18. Bg5 Nc4 19. Bxc4 Rxc4 20. f3 Qc7 21.
Ne2 Rxc2 22. Qe3 Be8 23. Nd4 Rc3 24. Rd3 Rxd3 25. Qxd3 d5 26. Rc1 Qxg3+ 27. Kh1
Qxg5 28. Rg1 dxe4 29. fxe4 Qe5 30. Ndf3 Qxh2+ 31. Kxh2 Rxd3 32. Ne5 Bd6 33. Rg5
h6 34. Rg2 Bxe5+ 35. Kg1 Rg3 36. Kf1 Rxg2 37. Kxg2 Bb2 38. Kf3 Bxa3 39. Ke3
Bxb4 40. Kd3 a5 41. Kc2 a4 42. Kb2 Bc6 43. e5 Ne4 44. h4 Bd5 45. h5 a3+ 46. Kc1
a2 47. Kb2 Bc3+ 48. Kc2 Bc4 49. Kc1 a1=Q+ 0-1

[Event "Open de Louviers"]
[Site "Louviers"]
[Date "2004.05.29"]
[Round "1"]
[White "Medghoul, Sherif"]
[Black "Bidon, Sebastien"]
[Result "1-0"]
[WhiteElo "2165"]
[BlackElo "1499"]
[PlyCount "51"]

1. d4 d5 2. c4 c6 3. Nc3 Nf6 4. e3 Bf5 5. cxd5 cxd5 6. Qb3 Qd7 7. Nf3 e6 8. Ne5
Qc8 9. Bb5+ Nfd7 10. Bd2 a6 11. g4 Bg6 12. Qa4 f6 13. Nxg6 hxg6 14. Rc1 Qd8 15.
Bd3 f5 16. Qb3 Qb6 17. Qd1 Nc6 18. Qf3 Bd6 19. Qg2 O-O-O 20. h4 Rdg8 21. h5
gxh5 22. gxf5 exf5 23. Bxf5 Qd8 24. Qxd5 Qe7 25. Ne4 Bc7 26. Nc5 1-0

[Event "Open de Louviers"]
[Site "Louviers"]
[Date "2004.05.29"]
[Round "1"]
[White "Kurschat, Serge"]
[Black "Vincent, Didier"]
[Result "0-1"]
[WhiteElo "1499"]
[BlackElo "2150"]
[PlyCount "64"]

1. e4 e5 2. Nf3 Nc6 3. Bb5 Nf6 4. O-O d6 5. Re1 Be7 6. c3 O-O 7. h3 Nb8 8. d4
c6 9. Bd3 Nbd7 10. Be3 Qc7 11. Nbd2 Re8 12. Qc2 Nf8 13. Nf1 Ng6 14. Qd2 Bd7 15.
Ng3 b6 16. a4 Rad8 17. Bc2 Bc8 18. Qc1 Rf8 19. Rd1 d5 20. dxe5 Nxe5 21. Nxe5
Qxe5 22. Bf4 Qe6 23. Bd3 Bc5 24. exd5 cxd5 25. Re1 Qc6 26. Ne2 Ne4 27. Be3 Qf6
28. Bxc5 bxc5 29. f3 Ng5 30. Qf4 Qg6 31. Rac1 Nxh3+ 32. Kf1 Nxf4 0-1

[Event "Open de Louviers"]
[Site "Louviers"]
[Date "2004.05.29"]
[Round "1"]
[White "Baron, Daniel"]
[Black "Voegele, Francois-Marie"]
[Result "1-0"]
[WhiteElo "2139"]
[BlackElo "1499"]
[PlyCount "51"]

1. d4 d5 2. c4 e6 3. Nf3 Nf6 4. Bg5 Bd6 5. Nc3 Nc6 6. cxd5 exd5 7. Nxd5 Be6 8.
Nc3 Qd7 9. Bxf6 gxf6 10. d5 Na5 11. dxe6 Qxe6 12. Qa4+ Nc6 13. e3 Qf5 14. Nd4
Qc5 15. Bb5 Kf8 16. Bxc6 bxc6 17. Qxc6 Qg5 18. Qxa8+ Kg7 19. Qd5 Qg4 20. Nf5+
Kg6 21. Nxd6 Rf8 22. Nf5 Qb4 23. h4 Qxb2 24. h5+ Kg5 25. Ne4+ Kg4 26. Nh6# 1-0

[Event "Open de Louviers"]
[Site "Louviers"]
[Date "2004.05.29"]
[Round "1"]
[White "Lebert, Eric"]
[Black "Bacon, Nicolas"]
[Result "0-1"]
[WhiteElo "1490"]
[BlackElo "2100"]
[PlyCount "96"]

1. e4 c5 2. Nf3 Nc6 3. Bc4 e5 4. Nc3 d6 5. h3 Be7 6. d3 f5 7. Nd5 f4 8. g4 Na5
9. Bb5+ Bd7 10. Bxd7+ Qxd7 11. c4 Nf6 12. Bd2 Nc6 13. Qa4 Bd8 14. b4 Nxd5 15.
cxd5 Nxb4 16. Qxd7+ Kxd7 17. Ke2 Nc2 18. Rab1 b6 19. Rhc1 Nd4+ 20. Nxd4 cxd4
21. f3 Rc8 22. Rxc8 Kxc8 23. a4 Kd7 24. Bb4 Bc7 25. Rc1 g5 26. Kd2 h5 27. Ke2
hxg4 28. hxg4 Rh2+ 29. Kd1 Rf2 30. Be1 Rxf3 31. Ke2 Re3+ 32. Kd2 Rh3 33. Bf2
Rh2 34. Ke2 a6 35. Kf3 Rh3+ 36. Ke2 Kc8 37. Rc6 Kb7 38. Rc1 b5 39. axb5 axb5
40. Rb1 Ka6 41. Ra1+ Ba5 42. Rc1 f3+ 43. Kd1 Rh1+ 44. Kc2 Rh2 45. Kb3 Rxf2 46.
Rc6+ Kb7 47. Rxd6 Rd2 48. Rd7+ Kb8 0-1

[Event "Open de Louviers"]
[Site "Louviers"]
[Date "2004.05.29"]
[Round "1"]
[White "Duverne, Jean-Marie"]
[Black "Duc, Marie-Christine"]
[Result "1-0"]
[WhiteElo "2090"]
[BlackElo "1480"]
[PlyCount "51"]

1. e4 e6 2. d4 d5 3. Nc3 Bb4 4. e5 c5 5. a3 Bxc3+ 6. bxc3 Qc7 7. Qg4 Ne7 8.
Qxg7 Rg8 9. Qxh7 cxd4 10. Ne2 Nbc6 11. f4 dxc3 12. Qd3 Bd7 13. Nxc3 a6 14. Rb1
Nf5 15. g4 Rxg4 16. Bh3 Rg6 17. Bxf5 d4 18. Bxg6 O-O-O 19. Ne4 fxg6 20. Nd6+
Kb8 21. Rxb7+ Qxb7 22. Nxb7 Kxb7 23. Bd2 Be8 24. Kf2 Rd5 25. Rb1+ Kc7 26. Qxa6
1-0

[Event "Open de Louviers"]
[Site "Louviers"]
[Date "2004.05.29"]
[Round "1"]
[White "Pizzo, Simon"]
[Black "Koumba Mounguengui, Jose Evrard"]
[Result "0-1"]
[WhiteElo "1440"]
[BlackElo "2090"]
[PlyCount "54"]

1. e4 c5 2. d4 cxd4 3. c3 dxc3 4. Nxc3 e6 5. Nf3 Bb4 6. Qd4 Bxc3+ 7. bxc3 Nf6
8. Ba3 Nc6 9. Qe3 Qb6 10. Qg5 Rg8 11. Bd3 Qa5 12. Qxa5 Nxa5 13. Bd6 b6 14. O-O
Bb7 15. e5 Bxf3 16. gxf3 Nd5 17. Rac1 f5 18. h3 Rc8 19. Kh2 Nc4 20. Rg1 Nxd6
21. exd6 Rc6 22. c4 Nf4 23. Rgd1 Rxd6 24. Bc2 Rxd1 25. Rxd1 Ke7 26. Ba4 Rd8 27.
Kg1 Ne2+ 0-1

[Event "Open de Louviers"]
[Site "Louviers"]
[Date "2004.05.29"]
[Round "1"]
[White "Vigneron, Frederic"]
[Black "Vine, Romain"]
[Result "1-0"]
[WhiteElo "2047"]
[BlackElo "1430"]
[PlyCount "85"]

1. e4 e5 2. Bc4 Nf6 3. Nf3 Nc6 4. O-O Bc5 5. d3 d6 6. h3 h6 7. c3 O-O 8. Re1
Re8 9. b4 Bb6 10. a4 a6 11. Nbd2 Be6 12. Bb3 Bxb3 13. Qxb3 d5 14. exd5 Qxd5 15.
c4 Qd7 16. c5 Ba7 17. Bb2 Nd4 18. Nxd4 exd4 19. Nf3 Qd5 20. Nxd4 Qxb3 21. Nxb3
Rxe1+ 22. Rxe1 Rd8 23. Bxf6 gxf6 24. Na5 Rxd3 25. Re8+ Kg7 26. Ra8 b6 27. Nc6
bxc5 28. Rxa7 c4 29. Rxc7 c3 30. Nb8 a5 31. bxa5 Rd8 32. Na6 Ra8 33. Nb4 Rxa5
34. Rxc3 Rxa4 35. Nd5 Rd4 36. Rg3+ Kf8 37. Nxf6 Rd6 38. Ng4 Kg7 39. Ne3+ Kh7
40. Rg7+ Kh8 41. Rxf7 Rd4 42. Ng4 Rc4 43. Nf6 1-0

[Event "Open de Louviers"]
[Site "Louviers"]
[Date "2004.05.29"]
[Round "1"]
[White "Arinal, Serge"]
[Black "Gibson, John"]
[Result "0-1"]
[WhiteElo "1420"]
[BlackElo "2020"]
[PlyCount "54"]

1. d4 d6 2. Nf3 g6 3. c3 Bg7 4. e3 Nf6 5. Bd3 O-O 6. O-O Nbd7 7. Nbd2 e5 8. Re1
Re8 9. e4 Nf8 10. Nf1 Bg4 11. Ne3 Bxf3 12. Qxf3 exd4 13. cxd4 Ne6 14. Nc2 Nd7
15. d5 Nec5 16. Rb1 Ne5 17. Qd1 Nexd3 18. Re3 Nxc1 19. Qxc1 Bh6 20. Qe1 Bxe3
21. Qxe3 Rxe4 22. Qf3 Qe7 23. Ne3 Re8 24. g3 Nd3 25. Ng4 Rxg4 26. Qxg4 Qe2 27.
Qxe2 Rxe2 0-1

[Event "Open de Louviers"]
[Site "Louviers"]
[Date "2004.05.29"]
[Round "1"]
[White "Velasquez, Jean-Luc"]
[Black "Totain, Christian"]
[Result "1-0"]
[WhiteElo "2014"]
[BlackElo "1490"]
[PlyCount "63"]

1. c4 e5 2. Nc3 Nf6 3. Nf3 d6 4. e3 Bg4 5. Be2 Be7 6. d4 exd4 7. Nxd4 Bxe2 8.
Qxe2 O-O 9. O-O Qd7 10. b3 Nc6 11. Nxc6 Qxc6 12. Bb2 Qd7 13. Rfd1 Qg4 14. Qxg4
Nxg4 15. Nd5 Bd8 16. h3 Ne5 17. c5 c6 18. cxd6 Nf3+ 19. gxf3 cxd5 20. Rxd5 Rc8
21. d7 Rc7 22. Ba3 f6 23. Bxf8 Kxf8 24. Rad1 Rc2 25. R5d2 Rc5 26. f4 Ke7 27.
Rd4 Rc2 28. Re4+ Kf7 29. Re8 Bb6 30. d8=Q Bxd8 31. Rexd8 Rxa2 32. f5 1-0

[Event "Open de Louviers"]
[Site "Louviers"]
[Date "2004.05.29"]
[Round "1"]
[White "Bordelet, Arthur"]
[Black "Baron, Romuald"]
[Result "0-1"]
[WhiteElo "1410"]
[BlackElo "1950"]
[PlyCount "62"]

1. e4 d5 2. exd5 Qxd5 3. Nc3 Qa5 4. Bc4 Nf6 5. d3 Bg4 6. Nf3 e6 7. a3 c6 8. Bd2
Nbd7 9. O-O Qh5 10. Re1 Bd6 11. h3 Bxf3 12. Qxf3 Qxf3 13. gxf3 Ne5 14. Re3
O-O-O 15. Ba2 Nd5 16. Nxd5 exd5 17. d4 Ng6 18. Rae1 Bf4 19. R3e2 Bxd2 20. Rxd2
Rhe8 21. Rde2 Rxe2 22. Rxe2 Nf4 23. Re7 Nxh3+ 24. Kg2 Nf4+ 25. Kf1 Rd7 26. Re8+
Kc7 27. Rh8 h5 28. c4 dxc4 29. Bxc4 Rxd4 30. Bb3 Rd3 31. Bc2 Rd2 0-1

[Event "Open de Louviers"]
[Site "Louviers"]
[Date "2004.05.29"]
[Round "1"]
[White "Haudrechy, Daniel"]
[Black "Vallobra, Pierre"]
[Result "1-0"]
[WhiteElo "1930"]
[BlackElo "1410"]
[PlyCount "41"]

1. d4 d5 2. c4 Bf5 3. Nc3 Nf6 4. Nf3 e6 5. Qb3 b6 6. Bg5 Be4 7. Nd2 Be7 8. f3
Bf5 9. e3 c6 10. Rc1 O-O 11. g4 Bg6 12. Bf4 Na6 13. cxd5 Nxd5 14. Nxd5 cxd5 15.
Bxa6 f5 16. h3 fxg4 17. hxg4 Rf6 18. Ke2 Bd6 19. Bxd6 Qxd6 20. Qa3 Rf7 21. Qxd6
1-0

[Event "Open de Louviers"]
[Site "Louviers"]
[Date "2004.05.29"]
[Round "1"]
[White "Gehl, Arnaud"]
[Black "Duflot, Martial"]
[Result "0-1"]
[WhiteElo "1400"]
[BlackElo "1920"]
[PlyCount "56"]

1. d4 Nf6 2. Nc3 g6 3. Nf3 Bg7 4. e3 O-O 5. Be2 d6 6. O-O Bf5 7. b4 a6 8. Ba3
Nc6 9. Bc4 Bg4 10. Ne1 Bxd1 11. Rxd1 b5 12. Bd3 Rc8 13. Ne4 e6 14. c4 Na7 15.
cxb5 Nxb5 16. Bxb5 Nxe4 17. f3 axb5 18. fxe4 Ra8 19. Rd3 Qh4 20. g3 Qxe4 21.
Rf4 Qd5 22. h3 Qxa2 23. g4 Rxa3 24. Rxa3 Qxa3 25. Rf2 Qxe3 26. Kf1 Bxd4 27. Rf3
Qd2 28. Rd3 Qf2# 0-1

[Event "Open de Louviers"]
[Site "Louviers"]
[Date "2004.05.29"]
[Round "1"]
[White "Canu, Alban"]
[Black "Frigere, Guy"]
[Result "1-0"]
[WhiteElo "1810"]
[BlackElo "1380"]
[PlyCount "49"]

1. e4 e5 2. Nf3 d6 3. Bc4 g6 4. d4 Bg7 5. dxe5 dxe5 6. Bxf7+ Ke7 7. Qxd8+ Kxd8
8. Bxg8 Rxg8 9. Bg5+ Ke8 10. Nc3 h6 11. Bh4 g5 12. Bg3 Nc6 13. Nb5 Kf7 14. Nxc7
Rb8 15. O-O-O Bg4 16. Rd3 Rgc8 17. Nb5 Kg8 18. Rhd1 a6 19. Nc3 Nd4 20. R1d2
Bxf3 21. gxf3 Rc5 22. Nd5 b5 23. Rxd4 exd4 24. Bxb8 b4 25. Ba7 1-0

[Event "Open de Louviers"]
[Site "Louviers"]
[Date "2004.05.29"]
[Round "1"]
[White "Benchara, Sara"]
[Black "Dallery, Christophe"]
[Result "0-1"]
[WhiteElo "1160"]
[BlackElo "1770"]
[PlyCount "52"]

1. d4 d5 2. Bf4 Bf5 3. e3 Nd7 4. Nf3 e6 5. Bd3 Bxd3 6. Qxd3 Ngf6 7. Nc3 a6 8.
O-O Be7 9. Rad1 O-O 10. Rfe1 c5 11. dxc5 Nxc5 12. Qd2 Rc8 13. h3 b5 14. e4
Ncxe4 15. Nxe4 Nxe4 16. Qd3 Qb6 17. Be3 Qc7 18. h4 Qxc2 19. Bg5 Qxf2+ 20. Kh1
Rc2 21. Bd2 Rxb2 22. Re2 Qg3 23. Bg5 Nf2+ 24. Kg1 Nxd3 25. Rxd3 Rxe2 26. Bxe7
Qxg2# 0-1

[Event "Open de Louviers"]
[Site "Louviers"]
[Date "2004.05.29"]
[Round "1"]
[White "Bordelet, Louis"]
[Black "Locoge, Thierry"]
[Result "1-0"]
[WhiteElo "1760"]
[BlackElo "1330"]
[PlyCount "61"]

1. e4 c6 2. d4 d5 3. Nc3 dxe4 4. Nxe4 Bf5 5. Ng3 Bg6 6. Nf3 h6 7. h4 Nf6 8. h5
Bh7 9. Bd3 Bxd3 10. Qxd3 e6 11. Be3 Nbd7 12. O-O Bd6 13. Ne5 Qc7 14. f4 O-O-O
15. Nxf7 Kb8 16. Nxh8 Rxh8 17. c4 Qd8 18. Qe2 g5 19. hxg6 Qg8 20. Rf3 Qxg6 21.
Qf2 Ng4 22. Qe1 Ndf6 23. f5 exf5 24. Bf4 Bxf4 25. Rxf4 Nh5 26. Rxg4 Qxg4 27.
Qe5+ Kc8 28. Qxh8+ Kc7 29. Nxh5 Qxh5 30. Qe5+ Kd7 31. Rf1 1-0

[Event "Open de Louviers"]
[Site "Louviers"]
[Date "2004.05.29"]
[Round "1"]
[White "Gaebel, Cedric"]
[Black "Ababsa, Tufek"]
[Result "1/2-1/2"]
[WhiteElo "1300"]
[BlackElo "1700"]
[PlyCount "81"]

1. e4 e6 2. d4 d5 3. Nc3 Bb4 4. Bd2 dxe4 5. Nxe4 Qxd4 6. Bd3 Bxd2+ 7. Qxd2 Qxb2
8. Qc1 Qxc1+ 9. Rxc1 Nf6 10. Nf3 Nbd7 11. O-O b6 12. Ra1 Bb7 13. Rfe1 O-O 14.
Neg5 h6 15. Ne4 Rad8 16. Nxf6+ Nxf6 17. h3 Bxf3 18. gxf3 Nh5 19. Red1 Rfe8 20.
Bb5 Rxd1+ 21. Rxd1 Re7 22. Rd4 e5 23. Rd5 Nf4 24. Rd8+ Kh7 25. Bc6 Nh5 26. Kg2
Nf4+ 27. Kg3 Re6 28. Be4+ g6 29. Rd7 Kg7 30. Rxc7 a5 31. Rb7 g5 32. Bd5 Nxd5
33. Rd7 Nf4 34. a4 Rc6 35. Rd2 Rc3 36. Rd6 e4 37. Rxb6 Rxf3+ 38. Kh2 Rxf2+ 39.
Kg3 Rxc2 40. Ra6 h5 41. Rg6+ 1/2-1/2

[Event "Open de Louviers"]
[Site "Louviers"]
[Date "2004.05.29"]
[Round "1"]
[White "Rouas, Yannick"]
[Black "Blaise, Geoffrey"]
[Result "1-0"]
[WhiteElo "1720"]
[BlackElo "1280"]
[PlyCount "55"]

1. d4 d5 2. c4 e6 3. Nc3 Bb4 4. Qc2 c5 5. cxd5 Qxd5 6. Bd2 Bxc3 7. Bxc3 Nc6 8.
e4 Qd6 9. dxc5 Nd4 10. Qa4+ Qd7 11. Qxd7+ Bxd7 12. Bxd4 Nf6 13. Bxf6 gxf6 14.
Nf3 e5 15. Bc4 Rd8 16. Rd1 Rg8 17. O-O Bh3 18. Rxd8+ Kxd8 19. Rd1+ Kc7 20. g3
Rg4 21. Bd5 b6 22. cxb6+ axb6 23. Rc1+ Kd7 24. Rc6 Rg7 25. Rxf6 Ke7 26. Rxf7+
Rxf7 27. Bxf7 Kxf7 28. Ng5+ 1-0

[Event "Open de Louviers"]
[Site "Louviers"]
[Date "2004.05.29"]
[Round "1"]
[White "Medghoul, Bilal"]
[Black "Colard, Eric"]
[Result "0-1"]
[WhiteElo "1280"]
[BlackElo "1710"]
[PlyCount "60"]

1. e4 e5 2. Nf3 Nc6 3. Bc4 Bc5 4. O-O Nf6 5. d3 O-O 6. Bd2 h6 7. Nc3 a6 8. h3
b5 9. Bb3 d6 10. a4 b4 11. Nd5 a5 12. Qe2 Rb8 13. Rac1 Nxd5 14. Bxd5 Ne7 15.
Bc4 Kh8 16. b3 f5 17. c3 fxe4 18. Qxe4 Bb7 19. Qe3 Bxe3 20. Bxe3 Bxf3 21. gxf3
Rxf3 22. d4 e4 23. Be6 Nf5 24. Bxf5 Rxf5 25. c4 Qf6 26. d5 Rf8 27. Ba7 Rg5+ 28.
Kh2 Qf4+ 29. Kh1 Qf3+ 30. Kh2 Qg2# 0-1

[Event "Open de Louviers"]
[Site "Louviers"]
[Date "2004.05.29"]
[Round "1"]
[White "Varin, Joel"]
[Black "Divry, Sylvie"]
[Result "1-0"]
[WhiteElo "1710"]
[BlackElo "1250"]
[PlyCount "59"]

1. e4 e5 2. Nf3 Nc6 3. Bb5 Bc5 4. c3 Nf6 5. d4 exd4 6. cxd4 Bb4+ 7. Bd2 Nxe4 8.
Bxb4 Nxb4 9. Qe2 Qe7 10. O-O O-O 11. a3 Nd5 12. Re1 Ndf6 13. Nbd2 d5 14. Ng5
Qd6 15. Ngxe4 dxe4 16. Qe3 Ng4 17. Qg3 Qxd4 18. Rad1 c6 19. Bc4 b5 20. Be2 f5
21. Nxe4 Qxe4 22. b3 f4 23. Qh4 Bf5 24. Bc4+ bxc4 25. Rxe4 Bxe4 26. Qxg4 Rfe8
27. bxc4 Bc2 28. Rc1 Rad8 29. h4 Bb3 30. Qxf4 1-0

[Event "Open de Louviers"]
[Site "Louviers"]
[Date "2004.05.29"]
[Round "1"]
[White "Becrit, Guy"]
[Black "Vine, Thibaut"]
[Result "0-1"]
[WhiteElo "1240"]
[BlackElo "1690"]
[PlyCount "78"]

1. d4 Nf6 2. c4 g6 3. Nc3 Bg7 4. Nf3 d6 5. g3 O-O 6. Bg2 Bd7 7. O-O Qc8 8. Kh1
Bh3 9. Ng5 Bxg2+ 10. Kxg2 c6 11. b3 b5 12. a3 Nbd7 13. Bb2 Nb6 14. cxb5 cxb5
15. Rc1 Qb7+ 16. Nf3 Qd7 17. Qd3 a6 18. Rc2 Qg4 19. Nd2 Nbd5 20. Qf3 Qxd4 21.
Nce4 Qa7 22. Nxf6+ Nxf6 23. Ne4 Nxe4 24. Bxg7 Ng5 25. Qc3 Qb7+ 26. f3 Rfc8 27.
Qb2 Rxc2 28. Qxc2 Kxg7 29. Rc1 Qd7 30. g4 Qe6 31. Qc3+ f6 32. Rc2 h5 33. f4
Qxg4+ 34. Qg3 Qf5 35. Rc3 Qe4+ 36. Kf2 Qd4+ 37. Ke1 Ne4 38. Qe3 Qxc3+ 39. Qxc3
Nxc3 0-1

[Event "Open de Louviers"]
[Site "Louviers"]
[Date "2004.05.29"]
[Round "1"]
[White "Serano, Vincent"]
[Black "Mougin, Loic"]
[Result "1-0"]
[WhiteElo "1660"]
[BlackElo "1240"]
[PlyCount "41"]

1. e4 c5 2. Bc4 e5 3. f4 exf4 4. Nf3 Nc6 5. a3 Nf6 6. d3 d6 7. Bxf4 Be6 8. Bxe6
fxe6 9. O-O e5 10. Bg5 Be7 11. Nc3 h6 12. Bxf6 Bxf6 13. Nd2 a6 14. Qh5+ Kd7 15.
Nd5 Rf8 16. Nc4 Rb8 17. Ncb6+ Ke6 18. Rf2 Ne7 19. Raf1 Ng8 20. Qg6 Rf7 21. Qf5#
1-0

[Event "Open de Louviers"]
[Site "Louviers"]
[Date "2004.05.29"]
[Round "1"]
[White "Le Port, Luc"]
[Black "Wielezynski, Olivier"]
[Result "0-1"]
[WhiteElo "1220"]
[BlackElo "1660"]
[PlyCount "88"]

1. e4 e5 2. Bc4 Nf6 3. d3 Bc5 4. Nf3 Nc6 5. c3 d5 6. exd5 Nxd5 7. Bxd5 Qxd5 8.
c4 Qd6 9. Nc3 Bg4 10. Ne4 Bb4+ 11. Bd2 Qxd3 12. Qc1 Qxe4+ 13. Kd1 Bxd2 14. Qxd2
Rd8 15. Kc1 Rxd2 16. Kxd2 O-O 17. Ng5 Qf4+ 18. Kc3 Qxg5 19. Rad1 Bxd1 20. Rxd1
Qxg2 21. Re1 Qf3+ 22. Re3 Qxe3+ 23. fxe3 f5 24. h4 Kf7 25. Kd3 e4+ 26. Kd2 Ke6
27. h5 Ke5 28. b4 f4 29. b5 Nb4 30. a4 fxe3+ 31. Kxe3 Rf3+ 32. Ke2 Kd4 33. a5
Rh3 34. a6 b6 35. c5 Rh2+ 36. Kf1 Ke3 37. cxb6 Kf3 38. Kg1 cxb6 39. Kxh2 e3 40.
h6 g6 41. Kg1 e2 42. Kh1 e1=Q+ 43. Kh2 Qg3+ 44. Kh1 Qg2# 0-1

[Event "Open de Louviers"]
[Site "Louviers"]
[Date "2004.05.29"]
[Round "1"]
[White "Leguillon, David"]
[Black "Lambard, Charles-Antoine"]
[Result "1-0"]
[WhiteElo "1620"]
[BlackElo "1199"]
[PlyCount "55"]

1. d4 d5 2. Nf3 e6 3. e3 Nf6 4. Bd3 Nc6 5. c3 Bd6 6. O-O O-O 7. Nbd2 Bd7 8. e4
dxe4 9. Nxe4 e5 10. Nxf6+ Qxf6 11. d5 Nd8 12. Bg5 Qxg5 13. Nxg5 h6 14. Ne4 Be7
15. Qb3 f5 16. Nd2 Kh8 17. Rae1 Bd6 18. Nc4 Nf7 19. Nxd6 cxd6 20. Qxb7 e4 21.
Bxe4 fxe4 22. Qxd7 Ng5 23. Qxd6 Rad8 24. Qc5 Nh3+ 25. gxh3 Rf3 26. Rxe4 Rxh3
27. d6 Kh7 28. Qf5+ 1-0

[Event "Open de Louviers"]
[Site "Louviers"]
[Date "2004.05.29"]
[Round "1"]
[White "Zakoski, Thomas"]
[Black "Vine, Guillaume"]
[Result "0-1"]
[WhiteElo "1199"]
[BlackElo "1620"]
[PlyCount "32"]

1. e4 e5 2. Nf3 Nc6 3. Nc3 Nf6 4. d4 exd4 5. Nxd4 Bc5 6. Be3 Qe7 7. Nf5 Qe5 8.
Bxc5 Qxc5 9. a4 O-O 10. Bb5 Re8 11. Bxc6 dxc6 12. Rb1 Bxf5 13. b4 Qxc3+ 14. Qd2
Nxe4 15. Rb3 Qxd2+ 16. Kf1 Qd1# 0-1

[Event "Open de Louviers"]
[Site "Louviers"]
[Date "2004.05.29"]
[Round "1"]
[White "Grenet, Dominique"]
[Black "Delengaigne, Gregory"]
[Result "1-0"]
[WhiteElo "1600"]
[BlackElo "1170"]
[PlyCount "81"]

1. e4 e5 2. Nf3 Nc6 3. d4 d6 4. dxe5 dxe5 5. Qxd8+ Kxd8 6. Bc4 f6 7. Nc3 Bc5 8.
O-O Nge7 9. a3 Bd4 10. Nd5 Nxd5 11. Bxd5 Bd7 12. Rb1 Ke7 13. b4 Rad8 14. Bd2
Be6 15. c4 a6 16. a4 Rd7 17. b5 axb5 18. Rxb5 Rb8 19. Rc1 Na7 20. Rxb7 Rxb7 21.
Bxb7 Bg4 22. Nxd4 exd4 23. f3 Be6 24. Bd5 c6 25. Bxe6 Kxe6 26. Kf2 c5 27. Rb1
Nc8 28. Rb5 Rc7 29. Ke2 Na7 30. Rb6+ Ke5 31. g3 g5 32. h4 h6 33. Kd3 Rc6 34.
Rb7 Nc8 35. a5 Ra6 36. Rc7 Na7 37. Rxc5+ Kd6 38. Rd5+ Ke7 39. f4 g4 40. Rh5 f5
41. Rxf5 1-0

[Event "Open de Louviers"]
[Site "Louviers"]
[Date "2004.05.30"]
[Round "2"]
[White "Duflot, Martial"]
[Black "Todorov, Todor"]
[Result "0-1"]
[WhiteElo "1920"]
[BlackElo "2497"]
[PlyCount "40"]

1. e4 c5 2. d3 Nc6 3. g3 g6 4. Bg2 Bg7 5. f4 e6 6. Nf3 Nge7 7. O-O O-O 8. c3 b6
9. Be3 Rb8 10. h3 d5 11. Qc2 Ba6 12. Rd1 d4 13. cxd4 Nxd4 14. Nxd4 Bxd4 15.
Bxd4 Qxd4+ 16. Kh2 Rfd8 17. Bf1 Nc6 18. a3 c4 19. Nc3 cxd3 20. Qg2 Na5 0-1

[Event "Open de Louviers"]
[Site "Louviers"]
[Date "2004.05.30"]
[Round "2"]
[White "Bersoult, Francois"]
[Black "Canu, Alban"]
[Result "1-0"]
[WhiteElo "2259"]
[BlackElo "1810"]
[PlyCount "47"]

1. d4 d5 2. c4 c6 3. Nc3 Nf6 4. e3 e6 5. Nf3 Nbd7 6. Bd3 dxc4 7. Bxc4 b5 8. Bd3
Bb7 9. O-O a6 10. e4 c5 11. d5 exd5 12. exd5 Nxd5 13. Re1+ Be7 14. Nxd5 Bxd5
15. Bg5 f6 16. Bg6+ hxg6 17. Qxd5 Ra7 18. Rad1 Qc7 19. Qe4 Nf8 20. Bf4 Qb7 21.
Qd3 Qc8 22. Bd6 Rd7 23. Rd2 Qb7 24. Rde2 1-0

[Event "Open de Louviers"]
[Site "Louviers"]
[Date "2004.05.30"]
[Round "2"]
[White "Dallery, Christophe"]
[Black "Medghoul, Sherif"]
[Result "0-1"]
[WhiteElo "1770"]
[BlackElo "2165"]
[PlyCount "64"]

{79872kB, GENERAL.ctg
} 1. d4 e6 2. c4 Nf6 3. Nc3 Bb4 4. Qc2 c5 5. dxc5 O-O 6.
Nf3 Bxc5 7. Bg5 Be7 8. e3 d6 9. Bd3 h6 10. Bh4 Nbd7 11. O-O b6 12. Nd4 Bb7 13.
f3 Rc8 14. Qe2 Re8 15. Rfd1 a6 16. Rac1 Qc7 17. a3 Nc5 18. Bc2 Ncd7 19. Bd3 Ne5
20. Na4 Bc6 21. Nxc6 Qxc6 22. b3 Qb7 23. Nc3 Nxd3 24. Qxd3 d5 25. Nb1 Red8 26.
cxd5 Rxd5 27. Rxc8+ Qxc8 28. Qe2 Qd7 29. Rxd5 Qxd5 30. b4 a5 31. bxa5 bxa5 32.
a4 Qb3 0-1

[Event "Open de Louviers"]
[Site "Louviers"]
[Date "2004.05.30"]
[Round "2"]
[White "Vincent, Didier"]
[Black "Bordelet, Louis"]
[Result "1-0"]
[WhiteElo "2150"]
[BlackElo "1760"]
[PlyCount "80"]

1. e4 e5 2. Nf3 Nc6 3. Nc3 Nf6 4. Bc4 Bc5 5. d3 d6 6. Bg5 h6 7. Bxf6 Qxf6 8.
Nd5 Qd8 9. c3 Ne7 10. Nxe7 Qxe7 11. h3 Bd7 12. O-O b5 13. Bb3 a5 14. d4 Bb6 15.
dxe5 a4 16. exd6 cxd6 17. Bd5 Rc8 18. Qd3 O-O 19. Rad1 Bc5 20. Nd4 b4 21. cxb4
Bxb4 22. Rc1 Qg5 23. Rxc8 Rxc8 24. Qf3 Qg6 25. Rd1 a3 26. bxa3 Rc3 27. Rd3 Rc1+
28. Kh2 Be1 29. Qf4 Rb1 30. Rg3 Qh5 31. Rf3 Qe5 32. Bxf7+ Kh7 33. Qxe5 dxe5 34.
Nb3 Rb2 35. Kg3 Bc6 36. Bd5 Be8 37. Rf8 Bg6 38. Nc5 Bh5 39. Bg8+ Kg6 40. Bf7+
Kg5 1-0

[Event "Open de Louviers"]
[Site "Louviers"]
[Date "2004.05.30"]
[Round "2"]
[White "Colard, Eric"]
[Black "Baron, Daniel"]
[Result "0-1"]
[WhiteElo "1710"]
[BlackElo "2139"]
[PlyCount "70"]

1. d4 d5 2. c4 c6 3. Nf3 Nf6 4. Bg5 Ne4 5. e3 dxc4 6. Bxc4 Nxg5 7. Nxg5 Qa5+ 8.
Nc3 Qxg5 9. O-O e6 10. Bd3 Bd6 11. f4 Qe7 12. e4 Nd7 13. e5 Bc7 14. Qg4 g6 15.
Rad1 b6 16. Be4 Bb7 17. Nb5 cxb5 18. Bxb7 Rd8 19. Kh1 O-O 20. d5 exd5 21. Bxd5
Kh8 22. Bc6 Nc5 23. Bxb5 Rxd1 24. Rxd1 Rd8 25. Re1 Rd2 26. b4 Nd3 27. Bxd3 Rxd3
28. Rc1 Qd7 29. Qxd7 Rxd7 30. h4 h5 31. Rc6 b5 32. e6 fxe6 33. Rxe6 Rd1+ 34.
Kh2 Bxf4+ 35. Kh3 Rh1# 0-1

[Event "Open de Louviers"]
[Site "Louviers"]
[Date "2004.05.30"]
[Round "2"]
[White "Bacon, Nicolas"]
[Black "Rouas, Yannick"]
[Result "1/2-1/2"]
[WhiteElo "2100"]
[BlackElo "1720"]
[PlyCount "120"]

1. e4 d6 2. d4 Nf6 3. f3 c6 4. Be3 e5 5. dxe5 dxe5 6. Qxd8+ Kxd8 7. Bc4 Ke8 8.
Ne2 Nbd7 9. Nd2 Bc5 10. Nf1 b5 11. Bb3 a5 12. a4 Bxe3 13. Nxe3 Nc5 14. axb5
Nxb3 15. cxb3 cxb5 16. b4 a4 17. Nc3 Bd7 18. Ke2 Rc8 19. Rhd1 Ke7 20. g4 h6 21.
Rxd7+ Nxd7 22. Nxb5 Nb6 23. Nc3 Nc4 24. Nxc4 Rxc4 25. Rxa4 Rb8 26. Kd3 Rd4+ 27.
Kc2 Ke6 28. Ra6+ Rd6 29. Ra7 Rxb4 30. Nd5 Rc6+ 31. Kb1 Rd4 32. Re7+ Kd6 33.
Rxf7 Rd1+ 34. Ka2 Rd2 35. Rxg7 Rxh2 36. Nb4 Rb6 37. Rg6+ Kc5 38. Nd3+ Kb5 39.
Rg8 Kc4 40. Rd8 Ra6+ 41. Kb1 Rh1+ 42. Kc2 Rh2+ 43. Kb1 Rh1+ 44. Nc1 Rf6 45.
Rc8+ Kd4 46. Rc3 Rf1 47. Kc2 Rf2+ 48. Kd1 Rxb2 49. Ra3 Rf2 50. Nb3+ Kc4 51.
Nd2+ Kd4 52. Ke1 Rh2 53. Ra4+ Kd3 54. Ra3+ Kd4 55. Ra2 Rb6 56. Nb3+ Rxb3 57.
Rxh2 Rxf3 58. Rxh6 Kxe4 59. Rc6 Kf4 60. Ke2 Rg3 1/2-1/2

[Event "Open de Louviers"]
[Site "Louviers"]
[Date "2004.05.30"]
[Round "2"]
[White "Vine, Thibaut"]
[Black "Duverne, Jean-Marie"]
[Result "0-1"]
[WhiteElo "1690"]
[BlackElo "2090"]
[PlyCount "34"]

1. e4 c5 2. Nf3 Nc6 3. c3 Nf6 4. Bd3 e6 5. Bc2 d5 6. exd5 exd5 7. O-O Be7 8. d4
O-O 9. Bg5 Bg4 10. Qd3 c4 11. Qd1 Ne4 12. Bxe7 Nxe7 13. Re1 f5 14. Nbd2 Ng6 15.
Qc1 Nf4 16. Ne5 Qg5 17. Ndf3 Bxf3 0-1